000 00302nam a22001337a 4500
008 180924b xxu||||| |||| 00| 0 eng d
020 _a9781572246218
041 _aeng
080 _a616.8-006
100 _a6
101 _aKAN
245 _aThe Chemotherapy Survival Guide
_cKay, J
942 _2udc
_cBK
999 _c48405
_d48405